Statistics for ALL countries that border Russia

Click here to take the quiz!

General Stats

  • This quiz has been taken 30 times
  • The average score is 18 of 24

Answer Stats

Land or WaterCountry% Correct
L & WChina
100%
L & WNorth Korea
100%
L & WEstonia
97%
L & WFinland
97%
L & WKazakhstan
97%
LMongolia
97%
L & WPoland
97%
L & WUkraine
97%
LBelarus
93%
L & WLatvia
93%
L & WLithuania
93%
L & WNorway
93%
L & WGeorgia
90%
WJapan
90%
L & WAzerbaijan
87%
WSouth Korea
77%
WUnited States
77%
WSweden
73%
WTurkey
70%
L & WAbkhazia
13%
LSouth Ossetia
10%
L & WDonetsk
7%
LLuhansk
7%
WSvalbard
7%

Score Distribution

Percentile by Number Answered

Percent of People with Each Score

Your Score History

You have not taken this quiz